| 000 | 00657 a2200205 4500 | ||
|---|---|---|---|
| 999 |
_c186980 _d186980 |
||
| 005 | 20220324153718.0 | ||
| 010 | _aENG-132113 | ||
| 020 |
_a9789352836369 _c475.00 |
||
| 035 | _aEN-115645 | ||
| 037 | _bDBAD/PUB | ||
| 082 | _a657.95 | ||
| 100 | _aShukla, M C | ||
| 245 |
_aCorporate Accounting: _bAs per B.Com. CBSC Curriculum, University of Delhi/ _cM C Shukla, T S Grewal and S C Gupta |
||
| 260 |
_aNew Delhi _bS Chand And Company Limited _c2019 |
||
| 270 |
_a7361, Ram Nagar, Qutab Road _bNew Delhi _e110055 |
||
| 300 |
_axvi, vp _c24cm (pbk) |
||
| 700 | _aGrewal, T.S. | ||
| 700 | _aGupta, S C | ||
| 942 |
_2ddc _cEN _h657.95 _mSHU |
||